000 01344nam a22002777a 4500
999 _c119420
_d119420
003 dpl
005 20190506114951.0
008 190506b ||||| |||| 00| 0 eng d
010 _aA-984780
020 _c150.00
_a818658030
035 _aA-984780, A-984784
037 _bCen Lib/Ret
040 _aDPL
_bHN
_c0
082 _a631
_bकृष्णामु
100 _aकृष्णा मुरारी सिंह
_9112961
245 _aशास्त्र-विज्ञान सम्मत वन-पर्यावरण /
_cकृष्णा मुरारी सिंह
246 _aShastra-vgyaan sammat van-paryavaran /
_bby Krishna Murari Singh
260 _aनयी दिल्ली
_bएपीसी पब्लिकेशन्स
_c1997
270 _a8798/7, रानी झाँसी रोड, करोल बाग
_bनयी दिल्ली
_e110005
300 _a11पृ.
_c21सेमी (सजिल्द)
650 _aवन-प्रयावरण--वृक्षारोपण
_984806
650 _aशास्त्रों में वन का महत्व
_984807
650 _aForest environment--Plantation
_984808
650 _aThe importance of forests in the scriptures
_984809
942 _2ddc
_cHN
_h631
_mकृष्णामु